Ceramic traditions of South-East Asia / (Record no. 26557)
[ view plain ]
| 000 -LEADER | |
|---|---|
| fixed length control field | 01144pam a2200301 a 4500 |
| 001 - CONTROL NUMBER | |
| control field | 1509731 |
| 005 - DATE AND TIME OF LATEST TRANSACTION | |
| control field | 20170204153132.0 |
| 008 - FIXED-LENGTH DATA ELEMENTS--GENERAL INFORMATION | |
| fixed length control field | 890428s1989 si a b 001 0 eng |
| 010 ## - LIBRARY OF CONGRESS CONTROL NUMBER | |
| LC control number | 89034174 |
| 020 ## - INTERNATIONAL STANDARD BOOK NUMBER | |
| International Standard Book Number | 0195889347 (U.S.) : |
| Terms of availability | $35.00 (est.) |
| 040 ## - CATALOGING SOURCE | |
| Original cataloging agency | DLC |
| Transcribing agency | DLC |
| Modifying agency | DLC |
| 043 ## - GEOGRAPHIC AREA CODE | |
| Geographic area code | as----- |
| 050 00 - LIBRARY OF CONGRESS CALL NUMBER | |
| Classification number | NK4154 |
| Item number | .G89 1989 |
| 100 1# - MAIN ENTRY--PERSONAL NAME | |
| Personal name | Guy, John, |
| Dates associated with a name | 1949- |
| 245 10 - TITLE STATEMENT | |
| Title | Ceramic traditions of South-East Asia / |
| Statement of responsibility, etc. | John Guy. |
| 260 ## - PUBLICATION, DISTRIBUTION, ETC. (IMPRINT) | |
| Place of publication, distribution, etc. | Singapore ; |
| -- | New York : |
| Name of publisher, distributor, etc. | Oxford University Press, |
| Date of publication, distribution, etc. | 1989. |
| 300 ## - PHYSICAL DESCRIPTION | |
| Extent | xi, 68 p. : |
| Other physical details | ill. (some col.) ; |
| Dimensions | 26 cm. |
| 440 #4 - SERIES STATEMENT/ADDED ENTRY--TITLE | |
| Title | The Asia collection |
| 500 ## - GENERAL NOTE | |
| General note | Includes index. |
| 504 ## - BIBLIOGRAPHY, ETC. NOTE | |
| Bibliography, etc | Bibliography: p. 63-66. |
| 650 #0 - SUBJECT ADDED ENTRY--TOPICAL TERM | |
| Topical term or geographic name as entry element | Pottery, Southeast Asian. |
| 856 42 - ELECTRONIC LOCATION AND ACCESS | |
| Materials specified | Publisher description |
| Uniform Resource Identifier | <a href="http://www.loc.gov/catdir/enhancements/fy0638/89034174-d.html">http://www.loc.gov/catdir/enhancements/fy0638/89034174-d.html</a> |
| 942 ## - ADDED ENTRY ELEMENTS (KOHA) | |
| Source of classification or shelving scheme | |
| Koha item type | Hard Covered Materials |
| Classification part | NK4154 .G89 1989 |
| Withdrawn status | Lost status | Source of classification or shelving scheme | Damaged status | Not for loan | Home library | Current library | Shelving location | Date acquired | Source of acquisition | Total Checkouts | Full call number | Barcode | Date last seen | Price effective from | Koha item type |
|---|---|---|---|---|---|---|---|---|---|---|---|---|---|---|---|
| MACHAKOS UNIVERSITY LIBRARY | MACHAKOS UNIVERSITY LIBRARY | Open shelf | 04/02/2017 | Donation(BFA) | NK4154 .G89 1989 | 34161 | 04/02/2017 | 04/02/2017 | Hard Covered Materials |